Normal view MARC view

Entry Topical Term

Number of records used in: 1

001 - CONTROL NUMBER

  • control field: 3164

003 - CONTROL NUMBER IDENTIFIER

  • control field: OSt

005 - DATE AND TIME OF LATEST TRANSACTION

  • control field: 20150304173554.0

008 - FIXED-LENGTH DATA ELEMENTS

  • fixed length control field: 150304|| aca||aabn | a|a d

040 ## - CATALOGING SOURCE

  • Original cataloging agency: OSt
  • Transcribing agency: OSt

150 ## - HEADING--TOPICAL TERM

  • Topical term or geographic name entry element: Nervous System
  • General subdivision: anatomy & histology.

670 ## - SOURCE DATA FOUND

  • Source citation: Work cat.: (OSt)1156: Wilkinson, J. L. (John Leonard) 3162, Neuroanatomy for medical students /, 1998.